000
00474nam a2200145Ia 4500
008
100122s9999 xx 000 0 und d
082
_b
54203
_a
821
100
_a
मलुष्टे पूजा
245
_a
हायकूच्या वाटेवर
260
_b
पूजा मलुष्टे
_c
1997
300
_a
67
630
_a
हायकूच्या वाटेवर
730
_a
हायकूच्या वाटेवर
942
_c
BOOK
999
_c
431081
_d
431078